Harry Potter: le Médaillon de Salazar Serpentard - Statistiques

Statistiques générales
  • Ce quiz a été pris 150 fois
    82 depuis la dernière actualisation
  • Le résultat moyen est 13 sur 19
Statistiques - réponses
Information Réponse % Correct
Métal Or
100%
Langue à parler pour l'ouvrir Fourchelang
97%
Derniere apparition Harry Potter et les Reliques de la Mort
97%
9e propriétaires Harry Potter, Hermione Granger et Ron Weasley
97%
1er propriétaire Salazar Serpentard
93%
Moyen de destruction Epee de Gryffondor
90%
Première apparition Harry Potter et l'Ordre du Phénix
89%
Destructeur Ron Weasley
89%
6e propriétaire (Horcruxe) Voldemort
87%
2e proprietaire Elvis Gaunt
63%
Cachette Caverne
56%
Lieu de destruction Forêt de Dean
56%
7e propriétaire Regulus Black
54%
8e propriétaire Kreattur
44%
3e propriétaire Merope Gaunt
43%
Date de destruction 28 décembre 1997
36%
5e propriétaire Hepzibah Smith
29%
4e propriétaire Caractacus Beurk
20%
Date de fabrication Epoque des fondateurs de Poudlard
13%
Aucun quiz correspondant
Distribution des résultats
% des personnes avec chaque résultat
Percentile par nombre de réponses
Votre historique - résultats
Vous n’avez pas pris ce quiz depuis la dernière actualisation